[Event "Druzynowe Mistrzostw Polski Juniorow - II Liga"]
[Site "Wroclaw"]
[Date "1899-12-30"]
[Round "8.24"]
[White "Rzadkowska, Kaja"]
[Black "Walerjan, Ada"]
[Result "1/2-1/2"]
[WhiteTitle "I"]
[BlackTitle "I"]
[WhiteElo "1216"]
[BlackElo "1275"]

1. e4 e5 2. Nf3 Nc6 3. Nc3 Nf6 4. d4 exd4 5. Nxd4 Bb4 6. Nxc6 bxc6 7. Bd3 d5 8.
exd5 cxd5 9. O-O O-O 10. h3 Rb8 11. Qf3 c6 12. Bf4 Rb7 13. Rad1 Bc5 14. b3 Re8
15. Ne2 h6 16. c4 Qb6 17. Nc3 Bb4 18. Ne2 Be6 19. Bxh6 dxc4 20. bxc4 Qa6 21. Qf4
Nh5 22. Qh4 gxh6 23. Qxh5 Bf8 24. Qh4 Qxa2 25. Qg3+ Bg7 26. Ra1 Qd2 27. f4 Bc8
28. Rad1 Qe3+ 29. Qxe3 Rxe3 30. Kf2 Ree7 31. Rb1 Kf8 32. Kf3 Be6 33. f5 Bc8 34.
Be4 Rb6 35. Rfd1 Rxb1 36. Rxb1 Bd7 37. Rb7 Be8 38. Rb8 Rc7 39. Nf4 Bd4 40. Nd3
Ke7 41. Nb4 Bb6 42. Na6 Rd7 43. Rxe8+ Kxe8 44. Bxc6 Ke7 45. Bxd7 Kxd7 46. Ke4
Kd6 47. g4 Bf2 48. Kf3 Be1 49. Ke3 Bg3 50. Kf3 Be1 51. Ke4 Bg3 52. Ke3 Bh4 53.
Ke4 Bg3 54. Ke3 Bh4 55. Ke4 Bg3 56. Kf3 Be1 57. Ke4 1/2-1/2

[Event "Druzynowe Mistrzostw Polski Juniorow - II Liga"]
[Site "Wroclaw"]
[Date "1899-12-30"]
[Round "8.25"]
[White "Zabron, Maksym"]
[Black "Stypka, Sebastian"]
[Result "1-0"]
[WhiteTitle "I++"]
[BlackTitle "II"]
[WhiteElo "1947"]
[BlackElo "1373"]

1. d4 d5 2. c4 e6 3. Nc3 c5 4. cxd5 exd5 5. Nf3 Nc6 6. g3 Nf6 7. Bg2 Be7 8. O-O
c4 9. Ne5 O-O 10. Bg5 Be6 11. Nxc6 bxc6 12. b3 cxb3 13. axb3 h6 14. Bxf6 Bxf6
15. Na4 Re8 16. e3 Bf5 17. Qd2 Qd6 18. Nc5 Reb8 19. Ra4 Bd8 20. Rfa1 Bb6 21. b4
Qe7 22. Rc1 Re8 23. Nb3 Rac8 24. Na5 Qd7 25. Ra3 Re6 26. Qa2 Rd6 27. Rac3 Qe8
28. Qa4 Bd7 29. Nb7 Rf6 30. Nc5 Bf5 31. Nd3 Bd7 32. Ne5 Rd6 33. Nxd7 Qxd7 34.
b5 Qb7 35. Rxc6 Rcxc6 36. Rxc6 Bc7 37. Rxd6 Bxd6 38. Qb3 Qb6 39. Bxd5 a5 40. Bxf7+
Kh8 41. Qd5 Qb8 42. Qc4 h5 43. Bxh5 a4 44. Qxa4 Qc8 45. b6 Qf5 46. Bd1 g5 47.
b7 g4 48. Qe8+ Kh7 49. b8=Q Bxb8 50. Qxb8 Qd3 51. Qc7+ Kh6 52. Bc2 1-0

[Event "Druzynowe Mistrzostw Polski Juniorow - II Liga"]
[Site "Wroclaw"]
[Date "1899-12-30"]
[Round "8.26"]
[White "Cieply, Krzysztof"]
[Black "Pisarek, Jan"]
[Result "1/2-1/2"]
[WhiteTitle "I"]
[BlackTitle "I"]
[WhiteElo "1763"]
[BlackElo "1832"]

1. e4 c5 2. Nf3 Nc6 3. d4 cxd4 4. Nxd4 Nf6 5. Nc3 e5 6. Ndb5 d6 7. Bg5 a6 8. Na3
b5 9. Nd5 Be7 10. Bxf6 Bxf6 11. c3 O-O 12. Nc2 Bg5 13. Bd3 Ne7 14. Nce3 Be6 15.
O-O Bxd5 16. Nxd5 Nxd5 17. exd5 f5 18. a4 e4 19. Bc2 bxa4 20. Rxa4 a5 21. Qe2
Qb6 22. b3 Bf6 23. Rc4 Rac8 24. Rxc8 Rxc8 25. c4 Be5 26. Kh1 g6 27. g4 Kh8 28.
gxf5 gxf5 29. f3 exf3 30. Rxf3 Rg8 31. Rf1 Rg4 32. Bxf5 Rh4 33. h3 Qxb3 34. Qg2
Qg3 35. Qxg3 Bxg3 36. Ra1 Rxc4 1/2-1/2

[Event "Druzynowe Mistrzostw Polski Juniorow - II Liga"]
[Site "Wroclaw"]
[Date "1899-12-30"]
[Round "8.27"]
[White "Duda, Leon"]
[Black "Staniczek, Kacper"]
[Result "1-0"]
[WhiteTitle "I"]
[BlackTitle "II"]
[WhiteElo "1562"]
[BlackElo "1345"]

1. e4 e5 2. Nf3 Nc6 3. Bc4 Nf6 4. d4 exd4 5. e5 d5 6. Bb5 Ne4 7. Nxd4 Bd7 8. Bxc6
bxc6 9. O-O Bc5 10. Be3 Bb6 11. f3 Ng5 12. f4 Ne4 13. Nd2 Nxd2 14. Qxd2 c5 15.
Nb3 d4 16. Bf2 Bc6 17. Qe2 Qd5 18. Qg4 h5 19. Qg5 h4 20. h3 Rh6 21. f5 Rh5 22.
Qg4 Rh6 23. c4 Qxc4 24. Bxh4 Qd5 25. Bg5 Rh7 26. Rad1 d3 27. Nd2 Qxa2 28. e6 Qxb2
29. exf7+ Kxf7 30. Qc4+ Kf8 31. Be3 Qb5 32. Qf4 Re8 33. f6 g6 34. Nf3 c4 35. Bxb6
Qxb6+ 36. Kh2 Bxf3 37. Qxf3 Qe3 38. f7 Qe5+ 39. Kh1 Rd8 40. Rde1 Qd4 41. Re4 Qd7
42. Re8+ Rxe8 43. fxe8=Q+ Kxe8 44. Qf8# 1-0

[Event "Druzynowe Mistrzostw Polski Juniorow - II Liga"]
[Site "Wroclaw"]
[Date "1899-12-30"]
[Round "8.28"]
[White "Wojs, Alicja"]
[Black "Stanik, Szymon"]
[Result "1/2-1/2"]
[WhiteTitle "I++"]
[BlackTitle "II"]
[WhiteElo "1566"]
[BlackElo "1249"]

1. e4 c5 2. Nf3 e6 3. d4 cxd4 4. Nxd4 a6 5. Bd3 Nf6 6. Qe2 d6 7. O-O Be7 8. Kh1
O-O 9. f4 b6 10. Nd2 Bb7 11. N2f3 Nbd7 12. Bd2 Nc5 13. e5 dxe5 14. fxe5 Nd5 15.
Rae1 Nxd3 16. Qxd3 Nb4 17. Bxb4 Bxb4 18. c3 Bc5 19. Qe2 Bxd4 20. Nxd4 Qc7 21.
Qh5 Qe7 22. Qg4 Rad8 23. h4 h6 24. Re3 Bd5 25. Rfe1 b5 26. Rg3 f5 27. exf6 Rxf6
28. b3 Qf7 29. c4 Rf4 30. Qg6 Rxh4+ 31. Kg1 Qxg6 32. Rxg6 Rxd4 33. cxd5 R4xd5
34. Rexe6 R8d7 35. Rxa6 Rf5 36. a4 bxa4 37. bxa4 Kf7 38. Rgb6 Rd1+ 39. Kh2 Rh5+
40. Kg3 Rg5+ 41. Kf3 Ra1 42. Rb7+ Kg8 43. Rb2 Rf1+ 1/2-1/2

[Event "Druzynowe Mistrzostw Polski Juniorow - II Liga"]
[Site "Wroclaw"]
[Date "1899-12-30"]
[Round "8.29"]
[White "Pisarek, Elzbieta"]
[Black "Lach, Alicja"]
[Result "1-0"]
[WhiteTitle "I++"]
[BlackTitle "I"]
[WhiteElo "1804"]
[BlackElo "1367"]

1. e4 c5 2. Nf3 Nc6 3. Bb5 g6 4. O-O Bg7 5. c3 e6 6. d4 cxd4 7. cxd4 Nge7 8. d5
exd5 9. exd5 Ne5 10. Nxe5 Bxe5 11. d6 Nf5 12. Re1 f6 13. Qd5 Kf8 14. Rxe5 fxe5
15. Qxe5 Rg8 16. Bc4 Rg7 17. Nc3 b6 18. Ne4 Bb7 19. Bg5 Qe8 20. Qf6+ Rf7 21. Qh8#
1-0

[Event "Druzynowe Mistrzostw Polski Juniorow - II Liga"]
[Site "Wroclaw"]
[Date "1899-12-30"]
[Round "8.30"]
[White "Moczala, Maja"]
[Black "Gajda, Anna"]
[Result "1-0"]
[WhiteTitle "I+"]
[BlackTitle "II"]
[WhiteElo "1375"]
[BlackElo "1073"]

1. e4 e5 2. Nf3 Nf6 3. Nc3 Bb4 4. Nxe5 O-O 5. Nd3 Re8 6. Be2 Bxc3 7. dxc3 Nxe4
8. O-O d6 9. Re1 h6 10. Bf1 Nc6 11. Qf3 Nf6 12. Rxe8+ Nxe8 13. Qg3 Qf6 14. Nf4
Qf5 15. Bd3 Qg4 16. Qxg4 Bxg4 17. Bd2 Nf6 18. f3 Bd7 19. Re1 Kf8 20. c4 Re8 21.
Kf2 Rxe1 22. Bxe1 Nd4 23. Bc3 Ne6 24. Ne2 Ke7 25. b4 b6 26. g3 Bc6 27. Nd4 Nxd4
28. Bxd4 Bb7 29. Ke3 c5 30. Bxf6+ Kxf6 31. b5 Ke6 32. a4 f6 33. Kf4 Kf7 34. g4
g5+ 35. Ke3 Ke6 36. f4 Bg2 37. Bf5+ Ke7 38. Be4 Bf1 39. Bd3 Bxd3 40. Kxd3 gxf4
41. Ke4 f3 42. Kxf3 Ke6 43. Ke4 Ke7 44. Kf5 Kf7 45. h3 Ke7 46. Kg6 Ke6 47. Kxh6
Ke5 48. g5 fxg5 49. Kxg5 Kd4 50. h4 Kxc4 51. h5 d5 52. h6 d4 53. h7 Kb4 54. h8=Q
Kxa4 55. Qh7 Kxb5 56. Qxa7 Kc6 57. Kf5 c4 58. Ke5 d3 59. cxd3 cxd3 60. Qa4+ b5
61. Qe4+ Kc5 1-0

[Event "Druzynowe Mistrzostw Polski Juniorow - II Liga"]
[Site "Wroclaw"]
[Date "1899-12-30"]
[Round "8.31"]
[White "Lichorad, Mateusz"]
[Black "Malik, Maciej"]
[Result "1/2-1/2"]
[WhiteTitle "I+"]
[BlackTitle "I++"]
[WhiteElo "1983"]
[BlackElo "1984"]

1. e4 g6 2. d4 d6 3. Nc3 Nf6 4. Bg5 c6 5. Qd2 b5 6. a3 a6 7. f4 h6 8. Bh4 Bg7 9.
Nf3 O-O 10. Bd3 c5 11. dxc5 dxc5 12. e5 Nh5 13. Be4 Qxd2+ 14. Kxd2 Ra7 15. Ke3
Re8 16. a4 b4 17. Ne2 Bf8 18. h3 Ng7 19. g4 Bb7 20. Nd2 Nc6 21. Nc4 Nd4 22. Nxd4
cxd4+ 23. Kxd4 Rd8+ 24. Ke3 Bxe4 25. Kxe4 Ne6 26. Bf2 Rad7 27. b3 Nd4 28. Bxd4
Rxd4+ 29. Kf3 e6 30. Rhe1 Bc5 31. Re4 g5 32. Rae1 Rxe4 33. Rxe4 Rd1 34. fxg5 hxg5
35. Re2 Kf8 36. Nd2 Rh1 37. Kg2 Rg1+ 38. Kh2 Rd1 39. Nf3 Be7 40. Re1 Rd5 41. Kg2
Rc5 42. Re2 Rc3 43. Ne1 Ke8 44. Nd3 Kd7 45. Rf2 Ke8 46. Kf1 Rc6 47. Ke1 Rc8 48.
Kd2 Rd8 49. Re2 Rd4 50. Ke3 Rd8 51. Kd2 Rd4 52. c3 bxc3+ 53. Kxc3 Rd7 54. b4 Rc7+
55. Kb3 Rd7 56. Kc4 Rc7+ 57. Kd4 Rd7+ 58. Ke4 Rb7 59. Rb2 Kd7 60. Kd4 Kc6 61.
Rc2+ Kd7 62. Kc4 Kc6 63. Rb2 Rc7 64. Kd4 Rd7+ 65. Ke4 Rb7 66. Rc2+ Kd7 67. Rc4
Rb8 68. Kf3 Rh8 69. Kg3 Rb8 70. Kg2 Rb7 71. Kf3 Rb8 72. Ke4 Rh8 73. Rd4+ Kc6 74.
Rc4+ Kd7 75. Nf2 Rb8 76. Rd4+ Kc6 77. Rc4+ Kd7 78. Nd3 Rh8 79. Rd4+ Kc6 80. Rc4+
Kd7 81. Rd4+ Kc6 1/2-1/2

[Event "Druzynowe Mistrzostw Polski Juniorow - II Liga"]
[Site "Wroclaw"]
[Date "1899-12-30"]
[Round "8.32"]
[White "Kotowicz, Kamil"]
[Black "Mosny, Kamil"]
[Result "1/2-1/2"]
[WhiteTitle "I"]
[BlackTitle "I"]
[WhiteElo "1770"]
[BlackElo "1730"]

1. d4 d5 2. Nf3 Nf6 3. Bf4 e6 4. e3 Bd6 5. Bxd6 Qxd6 6. c3 O-O 7. Bd3 c5 8. Ne5
Nc6 9. f4 cxd4 10. exd4 Ne4 11. O-O f5 12. Nd2 Nxe5 13. fxe5 Qe7 14. Qe2 Bd7 15.
Nxe4 fxe4 16. Bc2 Rxf1+ 17. Rxf1 Rc8 18. Bb3 b5 19. a3 Rf8 20. Rxf8+ Qxf8 21.
Qf2 Qe7 22. h4 Be8 23. Bd1 Qf7 24. Qxf7+ Kxf7 25. Kf2 Ke7 26. Be2 Bd7 27. Ke3
Kd8 28. Kf4 Ke7 29. b3 h6 30. c4 bxc4 31. bxc4 Ba4 1/2-1/2

[Event "Druzynowe Mistrzostw Polski Juniorow - II Liga"]
[Site "Wroclaw"]
[Date "1899-12-30"]
[Round "8.33"]
[White "Smolinski, Wojciech"]
[Black "Pycinski, Wladyslaw"]
[Result "0-1"]
[WhiteTitle "II"]
[BlackTitle "I"]
[WhiteElo "1278"]
[BlackElo "1701"]

1. e4 c5 2. Nf3 g6 3. c4 Nc6 4. d4 cxd4 5. Nxd4 Nf6 6. Nc3 d6 7. Be2 Nxd4 8. Qxd4
Bg7 9. Be3 O-O 10. Qd1 a5 11. O-O a4 12. f3 Qa5 13. Rc1 Be6 14. Nd5 Nxd5 15. cxd5
Bd7 16. Bd4 Rfc8 17. Bxg7 Kxg7 18. Qd4+ Kg8 19. f4 Rc7 20. Rxc7 Qxc7 21. Rf3 Qc1+
22. Rf1 Qc7 23. Rf3 Qc2 24. Bd3 Qd2 25. Rf2 Qa5 26. Kf1 Rc8 27. Rc2 Rxc2 28. Bxc2
a3 29. b3 Qc7 30. Qc4 Bb5 31. Qxb5 Qxc2 32. Qe2 Qc1+ 33. Kf2 Qxf4+ 34. Kg1 Qf6
0-1

[Event "Druzynowe Mistrzostw Polski Juniorow - II Liga"]
[Site "Wroclaw"]
[Date "1899-12-30"]
[Round "8.34"]
[White "Tim, Wojciech"]
[Black "Fronczek, Michal"]
[Result "1-0"]
[WhiteTitle "II"]
[BlackTitle "III"]
[WhiteElo "1300"]
[BlackElo "1092"]

1. e4 e5 2. Nc3 Nf6 3. Bc4 Bc5 4. d3 h6 5. f4 d6 6. Na4 Bb6 7. Nxb6 axb6 8. Nf3
Nc6 9. a3 Be6 10. Ba2 exf4 11. Bxf4 Qd7 12. Qe2 Qe7 13. O-O O-O 14. h3 Rfe8 15.
Bxe6 Qxe6 16. Qf2 Rf8 17. g4 g5 18. Bxg5 Nxg4 19. Qh4 hxg5 20. Nxg5 Qg6 21. hxg4
Ne5 22. Rf6 Qg7 23. Raf1 Rae8 24. Kg2 Ng6 25. Qf2 Ne5 26. Qf5 Ng6 27. Qf2 Ne5
28. Qh4 Ng6 29. Qh2 Ne5 30. Qh5 Re7 31. Rh6 Ng6 32. Rxf7 Nf4+ 33. Rxf4 1-0

[Event "Druzynowe Mistrzostw Polski Juniorow - II Liga"]
[Site "Wroclaw"]
[Date "1899-12-30"]
[Round "8.35"]
[White "Trybus, Dominika"]
[Black "Tim, Anna"]
[Result "1-0"]
[WhiteTitle "I++"]
[BlackTitle "I"]
[WhiteElo "1532"]
[BlackElo "1159"]

1. e4 e6 2. f4 d5 3. e5 c5 4. Nf3 Nc6 5. c3 Qb6 6. d4 Bd7 7. Be2 Nh6 8. Na3 cxd4
9. cxd4 Bxa3 10. bxa3 Nf5 11. Kf2 Ncxd4 12. Nxd4 Qxd4+ 13. Qxd4 Nxd4 14. Bd3 Bb5
15. Bxb5+ Nxb5 16. Rb1 a6 17. a4 Nc3 18. Rxb7 O-O 19. Ba3 Rfb8 20. Rxb8+ Rxb8
21. Rc1 Nxa2 22. Rc2 h6 23. Rxa2 f6 24. Bd6 Rc8 25. g3 Rc4 26. Ke2 Kf7 27. Kd3
g5 28. exf6 Kxf6 29. Be5+ Kf5 30. a5 Kg4 31. Re2 Ra4 32. Bc3 Re4 33. Rxe4 dxe4+
34. Kxe4 Kh3 35. fxg5 hxg5 36. Be5 Kxh2 37. Kd4 Kh3 38. Kc5 Kg4 39. Kb6 Kf5 40.
Kxa6 Kxe5 41. Kb7 Kf5 42. a6 e5 43. a7 e4 44. a8=Q 1-0

[Event "Druzynowe Mistrzostw Polski Juniorow - II Liga"]
[Site "Wroclaw"]
[Date "1899-12-30"]
[Round "8.36"]
[White "Nieckarz, Maja"]
[Black "Zylak, Emilia"]
[Result "1-0"]
[WhiteTitle "I"]
[BlackTitle "III"]
[WhiteElo "1432"]
[BlackElo "1000"]

1. e4 e5 2. Nf3 Nc6 3. d4 exd4 4. Nxd4 Nf6 5. Nxc6 bxc6 6. e5 Qe7 7. Qe2 Nd5 8.
c4 Nb6 9. b3 Qe6 10. g3 Bc5 11. Bg2 Bb7 12. Bb2 O-O 13. O-O d5 14. cxd5 cxd5 15.
Rc1 Qe7 16. Qb5 Bb4 17. a3 c6 18. Qxb4 Qg5 19. Nd2 Rfe8 20. Nf3 Qf5 21. Bd4 Reb8
22. Bxb6 axb6 23. Qxb6 Qd7 24. Qe3 Ra6 25. Ng5 Qe7 26. e6 fxe6 27. Qxe6+ Qxe6
28. Nxe6 Rb6 29. b4 Rc8 30. Nc5 Ba8 31. Bh3 Rd8 32. Be6+ Kh8 33. Re1 g6 34. Bf7
Rbb8 35. Re7 Rbc8 36. Rae1 d4 37. Bc4 Rb8 38. Ra7 Rbc8 39. Ree7 Rd5 40. Rxh7+
Kg8 41. Rag7+ Kf8 42. Ne6+ Ke8 43. Rh8# 1-0

[Event "Druzynowe Mistrzostw Polski Juniorow - II Liga"]
[Site "Wroclaw"]
[Date "1899-12-30"]
[Round "8.37"]
[White "Borkowski, Stanislaw"]
[Black "Owoc, Jakub"]
[Result "0-1"]
[WhiteTitle "I"]
[BlackTitle "I"]
[WhiteElo "1734"]
[BlackElo "1756"]

1. e4 c6 2. d4 d5 3. e5 Bf5 4. h4 Qb6 5. c4 dxc4 6. Bxc4 Bxb1 7. Bxf7+ Kxf7 8.
Rxb1 e6 9. Nf3 Bb4+ 10. Kf1 h6 11. Kg1 Nd7 12. h5 Be7 13. Qd3 Nf8 14. Be3 Qb5
15. Qc2 Ke8 16. Ne1 Bd8 17. Nd3 Bb6 18. Nf4 Ne7 19. b4 a5 20. a4 Qa6 21. Qb3 axb4
22. Nxe6 Nxe6 23. Qxe6 Qa5 24. d5 Qxd5 25. Qxd5 Nxd5 26. Bxb6 Nxb6 27. Rxb4 Nd7
28. Rxb7 Ke7 29. Rh4 Rhb8 30. Rc7 Rc8 31. Rb7 Rab8 32. Ra7 Ke6 33. Rg4 Nxe5 34.
Rgxg7 Rb1+ 35. Kh2 Rb4 36. g3 Rb2 37. Kg2 Rf8 38. Rge7+ Kd5 39. Ra5+ c5 40. Rxc5+
Kxc5 41. Rxe5+ Kd4 42. Re6 Rbxf2+ 43. Kh3 R2f6 0-1

[Event "Druzynowe Mistrzostw Polski Juniorow - II Liga"]
[Site "Wroclaw"]
[Date "1899-12-30"]
[Round "8.38"]
[White "Krupinski, Mikolaj"]
[Black "Lewandowski, Witold"]
[Result "1-0"]
[WhiteTitle "I"]
[BlackTitle "I"]
[WhiteElo "1747"]
[BlackElo "1547"]

1. e4 d6 2. d4 Nf6 3. Nc3 g6 4. f4 Bg7 5. Nf3 c5 6. Bb5+ Bd7 7. e5 Ng4 8. Bxd7+
Qxd7 9. h3 Nh6 10. dxc5 dxc5 11. Be3 b6 12. Qd5 Qc6 13. O-O-O O-O 14. g4 Qxd5
15. Nxd5 Nc6 16. f5 gxf5 17. g5 Ng4 18. hxg4 fxg4 19. Nh2 Nxe5 20. Nxe7+ Kh8 21.
Nf5 g3 22. Nxg7 gxh2 23. Nh5 Ng4 24. Bf4 Rfe8 25. Nf6 Nxf6 26. gxf6 Re6 27. Rxh2
Rae8 28. Rdh1 Rxf6 29. Rxh7+ Kg8 30. Rh8+ 1-0

[Event "Druzynowe Mistrzostw Polski Juniorow - II Liga"]
[Site "Wroclaw"]
[Date "1899-12-30"]
[Round "8.39"]
[White "Stanislawski, Karol"]
[Black "Piatek, Szymon"]
[Result "1-0"]
[WhiteTitle "I"]
[BlackTitle "II"]
[WhiteElo "1678"]
[BlackElo "1322"]

1. d4 Nf6 2. Nf3 g6 3. g3 Bg7 4. Bg2 d6 5. O-O O-O 6. b3 e5 7. dxe5 dxe5 8. Ba3
Qxd1 9. Rxd1 Re8 10. c4 e4 11. Nd4 c6 12. Nc3 Na6 13. e3 Bd7 14. Rd2 Rad8 15.
Rad1 Bg4 16. Nde2 Rd7 17. Rxd7 Bxd7 18. Nxe4 Bg4 19. N4c3 Nd7 20. h3 Bxe2 21.
Nxe2 Nb6 22. Rd2 Bf6 23. Kf1 Be7 24. Bxe7 Rxe7 25. Nc3 Rd7 26. Rxd7 Nxd7 27. Ne4
Kf8 28. Nd6 Ndc5 29. Ke2 Ke7 30. Ne4 Nxe4 31. Bxe4 Nc7 32. b4 Kd6 33. f4 b6 34.
g4 f6 35. h4 Ne6 36. f5 gxf5 37. Bxf5 Nf8 38. Kd3 Nd7 39. Bxd7 Kxd7 40. Ke4 Ke6
41. c5 b5 42. g5 fxg5 43. hxg5 Kf7 44. Kf5 Ke7 45. Ke5 Kf7 46. Kd6 Kg6 47. e4
Kxg5 48. e5 h5 49. e6 h4 50. e7 h3 51. e8=Q Kg4 52. Kxc6 h2 53. Qe1 Kh3 54. Qh1
1-0

[Event "Druzynowe Mistrzostw Polski Juniorow - II Liga"]
[Site "Wroclaw"]
[Date "1899-12-30"]
[Round "8.40"]
[White "Gruca, Karol"]
[Black "Gorecki, Michal"]
[Result "1-0"]
[WhiteTitle "II"]
[BlackTitle "II"]
[WhiteElo "1346"]
[BlackElo "1311"]

1. e4 c5 2. b3 d6 3. Bb2 Nc6 4. Bb5 Bd7 5. f4 a6 6. Bxc6 Bxc6 7. d3 Nf6 8. Nf3
e6 9. O-O Be7 10. c4 O-O 11. Nbd2 d5 12. exd5 exd5 13. Ne5 Rc8 14. Nxc6 Rxc6 15.
Nf3 Ng4 16. Ne5 Nxe5 17. Bxe5 d4 18. f5 Bg5 19. Qg4 Be3+ 20. Kh1 Qg5 21. Qxg5
Bxg5 22. Rae1 Be3 23. Bf4 Bxf4 24. Rxf4 Rc7 25. Rfe4 f6 26. g4 Kf7 27. Kg2 b5
28. Re6 bxc4 29. bxc4 Ra8 30. Rb6 Raa7 31. Ree6 Rab7 32. Rec6 Rxb6 33. Rxc7+ Kf8
34. Kf3 Rb2 35. Rxc5 Rxa2 36. Rd5 Rxh2 37. Rxd4 a5 38. Rd8+ Ke7 39. Ra8 Ra2 40.
Ra7+ Kd6 41. Rxg7 a4 42. Rf7 Ke5 43. Rd7 Ra3 44. Rd5# 1-0

[Event "Druzynowe Mistrzostw Polski Juniorow - II Liga"]
[Site "Wroclaw"]
[Date "1899-12-30"]
[Round "8.41"]
[White "Oszutowska, Anna"]
[Black "Szopa, Emilia"]
[Result "0-1"]
[WhiteTitle "I"]
[BlackTitle "I++"]
[WhiteElo "1248"]
[BlackElo "1816"]

1. e4 c6 2. d4 d5 3. Nc3 dxe4 4. Nxe4 Nd7 5. Nf3 Ngf6 6. Nxf6+ Nxf6 7. Bc4 e6 8.
Bf4 Bd6 9. Bxd6 Qxd6 10. O-O b6 11. c3 Bb7 12. Re1 O-O 13. Ne5 Rad8 14. Nxf7 Rxf7
15. Bxe6 Rdf8 16. Qb3 c5 17. Bxf7+ Rxf7 18. Re5 Qc6 19. f3 c4 20. Qc2 Nd5 21.
Rae1 Rf8 22. Qe4 Nf4 23. Qxc6 Bxc6 24. Re7 Rf7 25. b3 Nd3 26. Rxf7 Kxf7 27. Re2
Nc1 28. Rc2 Nxb3 29. axb3 cxb3 30. Rb2 Bd5 31. Rb1 a5 32. Ra1 Bc4 33. Kf2 Bd3
34. Rd1 b2 35. Ke3 b1=Q 36. Rxb1 Bxb1 37. d5 a4 38. Kd4 0-1

[Event "Druzynowe Mistrzostw Polski Juniorow - II Liga"]
[Site "Wroclaw"]
[Date "1899-12-30"]
[Round "8.42"]
[White "Pajak, Patrycja"]
[Black "Lukasik, Aleksandra"]
[Result "1/2-1/2"]
[WhiteTitle "I"]
[BlackTitle "II+"]
[WhiteElo "1078"]
[BlackElo "1127"]

1. e4 c5 2. Nf3 Nc6 3. d4 cxd4 4. Nxd4 g6 5. Nc3 Bg7 6. Nde2 Nf6 7. g3 d6 8. Bg2
O-O 9. O-O a6 10. a4 Rb8 11. Ra2 e6 12. Bf4 Ne5 13. Bxe5 dxe5 14. Qc1 Qc7 15.
Rd1 b5 16. axb5 axb5 17. b4 Qc4 18. Qb2 Bb7 19. f3 Rfd8 20. Rxd8+ Rxd8 21. Bf1
Rd2 22. Qb3 Bf8 23. Qxc4 bxc4 24. Rb2 Nd7 25. Kf2 f5 26. Ke3 Rd6 27. Na4 Rd1 28.
Bg2 Bh6+ 29. Kf2 fxe4 30. fxe4 Nf6 31. Nec3 Ng4+ 1/2-1/2

[Event "Druzynowe Mistrzostw Polski Juniorow - II Liga"]
[Site "Wroclaw"]
[Date "1899-12-30"]
[Round "8.43"]
[White "Zarebska, Lena"]
[Black "Cichon, Bartlomiej"]
[Result "0-1"]
[WhiteTitle "k"]
[BlackTitle "I"]
[WhiteElo "1805"]
[BlackElo "1938"]

1. e4 c5 2. Nf3 d6 3. d4 cxd4 4. Nxd4 Nf6 5. Nc3 a6 6. Bc4 e6 7. O-O b5 8. Bb3
Bb7 9. Re1 Nbd7 10. a3 Nc5 11. Ba2 Qc8 12. f3 Be7 13. Be3 O-O 14. Qd2 Rd8 15.
Qf2 d5 16. e5 Nfd7 17. f4 Nb6 18. f5 exf5 19. Nxf5 Bf8 20. Rf1 Nc4 21. Bxc4 bxc4
22. Nd6 Bxd6 23. exd6 Ne6 24. Na4 d4 25. Bxd4 Qc6 26. Nb6 Nf4 27. Qf3 Qxf3 28.
gxf3 Ne2+ 29. Kf2 Nxd4 30. Nxa8 Bxa8 31. Rad1 Nxf3 32. Kg3 Ne5 33. b3 cxb3 34.
cxb3 f6 35. Rf2 Kf7 36. Rc2 Bc6 37. Rcd2 Rb8 38. b4 Rd8 39. Rd4 Ke6 40. h4 Rd7
41. Kf4 g5+ 42. hxg5 fxg5+ 43. Kg3 h5 44. R4d2 h4+ 45. Kh3 Rh7 46. Re1 g4+ 47.
Kh2 Kf5 48. Rf1+ Nf3+ 49. Kg2 Kg5 50. Rc2 Nd4+ 51. Rxc6 Nxc6 52. Rd1 Ne5 53. Rd5
Kf4 0-1

[Event "Druzynowe Mistrzostw Polski Juniorow - II Liga"]
[Site "Wroclaw"]
[Date "1899-12-30"]
[Round "8.44"]
[White "Bajer, Tomasz"]
[Black "Sloniewska, Alicja"]
[Result "0-1"]
[WhiteTitle "II+"]
[BlackTitle "I++"]
[WhiteElo "1369"]
[BlackElo "1735"]

1. c4 c6 2. Nf3 d5 3. b3 Bg4 4. g3 Nf6 5. Bg2 e6 6. O-O Bd6 7. Bb2 h5 8. d4 h4
9. Ne5 hxg3 10. hxg3 Nbd7 11. c5 Bc7 12. Nd2 Nxe5 13. dxe5 Nd7 14. b4 Bxe5 15.
Bxe5 Nxe5 16. f4 Nd7 17. Nf3 Nf6 18. Ne5 Bf5 19. Qa4 Be4 20. b5 O-O 21. bxc6 bxc6
22. Nxc6 Qd7 23. Qa6 Qc7 24. Ne5 Qxc5+ 25. Kh2 Bxg2 26. Kxg2 Qe3 27. Rf3 Qe4 28.
Rc1 d4 29. Kf2 Nd5 30. Rc4 Ne3 31. Qa4 Nxc4 32. Qxc4 Rfc8 33. Qa4 Rc2 34. Kg2
Qxe2+ 35. Kh3 Qh2+ 0-1

[Event "Druzynowe Mistrzostw Polski Juniorow - II Liga"]
[Site "Wroclaw"]
[Date "1899-12-30"]
[Round "8.45"]
[White "Sloniewski, Wojciech"]
[Black "Nowakowski, Maksymilian"]
[Result "0-1"]
[WhiteTitle "II"]
[BlackTitle "II+"]
[WhiteElo "1062"]
[BlackElo "1363"]

1. e4 e6 2. d4 d5 3. e5 c5 4. c3 Qb6 5. a3 Bd7 6. Nf3 cxd4 7. cxd4 Bb5 8. Bxb5+
Qxb5 9. Nc3 Qa6 10. Ne2 Nc6 11. O-O Be7 12. b3 f6 13. Bb2 Rc8 14. Nf4 Nd8 15.
Nh5 g6 16. Nf4 Nh6 17. Qd2 Nhf7 18. b4 O-O 19. Rfc1 b6 20. Rc3 Rxc3 21. Qxc3 fxe5
22. dxe5 Ng5 23. Nxg5 Rxf4 24. Nh3 Rc4 25. Qf3 Qc8 26. g3 Rc2 27. Bd4 Qc4 28.
Be3 Qc3 29. Rd1 Qxa3 30. b5 Qb2 31. Rd4 Qxb5 32. Bh6 Rb2 33. g4 Nf7 34. g5 Rb1+
35. Kg2 Qf1+ 36. Kg3 Ra1 37. Kg4 Nxe5+ 38. Kg3 Nf7 0-1

[Event "Druzynowe Mistrzostw Polski Juniorow - II Liga"]
[Site "Wroclaw"]
[Date "1899-12-30"]
[Round "8.46"]
[White "Pawlowski, Kamil"]
[Black "Mieszczankowski, Adam"]
[Result "1-0"]
[WhiteTitle "II"]
[BlackTitle "II"]
[WhiteElo "1257"]
[BlackElo "1044"]

1. d4 d5 2. c4 c6 3. Nc3 Nf6 4. Bf4 Bf5 5. Nf3 e6 6. e3 Bd6 7. Bxd6 Qxd6 8. Qb3
b6 9. cxd5 exd5 10. Rc1 O-O 11. Ne2 Ne4 12. Ng3 Nxg3 13. hxg3 Nd7 14. Bd3 Bg6
15. a3 Rfe8 16. Qc2 c5 17. Bxg6 Qxg6 18. Qa4 Red8 19. Qc2 Qxc2 20. Rxc2 Re8 21.
Rh5 Nf6 22. Re5 cxd4 23. Rxe8+ Nxe8 24. Nxd4 Kf8 25. Kd2 g6 26. f3 Ke7 27. Nb5
Kd7 28. Kd3 a6 29. Nd4 Nd6 30. Nc6 Re8 31. Nb4 Nc4 32. Nxd5 b5 33. Ke4 1-0

[Event "Druzynowe Mistrzostw Polski Juniorow - II Liga"]
[Site "Wroclaw"]
[Date "1899-12-30"]
[Round "8.47"]
[White "Anyz, Monika"]
[Black "Gornisiewicz, Natalia"]
[Result "1-0"]
[WhiteTitle "I++"]
[BlackTitle "I++"]
[WhiteElo "1792"]
[BlackElo "1425"]

1. e4 Nf6 2. e5 Nd5 3. c4 Nb6 4. d4 Nc6 5. Nc3 d6 6. exd6 exd6 7. Be3 Be7 8. a3
a5 9. Bd3 Bf6 10. Nge2 O-O 11. Qc2 h6 12. Ne4 Re8 13. O-O Bd7 14. h3 d5 15. Nxf6+
Qxf6 16. c5 Nc8 17. Qb3 N8e7 18. Qxb7 Ra7 19. Qb3 a4 20. Qc3 Na5 21. Rab1 Rb8
22. Nc1 Nb3 23. Bc2 Bb5 24. Re1 Bc4 25. Nxb3 Bxb3 26. Bd2 Nc6 27. Bxb3 Rxb3 28.
Re8+ Kh7 29. Qc2+ Qg6 30. Qxg6+ Kxg6 31. Bc3 Rab7 32. Rbe1 Rb8 33. f3 Kf6 34.
Kf2 g6 35. R1e3 Kg7 36. g4 Kf6 37. Kg3 Kg7 38. h4 Kf6 39. f4 Kg7 40. g5 h5 41.
f5 gxf5 42. Kf4 Kg6 43. R8e6+ fxe6 44. Rxe6+ Kg7 45. Rxc6 R3b7 46. Kxf5 Ra7 47.
Ke5 Rf8 48. Kxd5 Rf4 49. Ke6 Rxh4 50. d5+ Kf8 51. g6 Rg4 52. g7+ Kg8 53. d6 cxd6
54. Rc8+ Kh7 55. Rh8+ 1-0

[Event "Druzynowe Mistrzostw Polski Juniorow - II Liga"]
[Site "Wroclaw"]
[Date "1899-12-30"]
[Round "8.49"]
[White "Wnek, Filip"]
[Black "Borowik, Wojciech"]
[Result "0-1"]
[WhiteTitle "I++"]
[BlackTitle "I++"]
[WhiteElo "2032"]
[BlackElo "1746"]

1. e4 c5 2. Nf3 d6 3. d4 cxd4 4. Nxd4 Nf6 5. Nc3 a6 6. Qf3 e6 7. g4 Nc6 8. Nxc6
bxc6 9. Bc4 d5 10. Bb3 Bb4 11. Bd2 Nxe4 12. Nxe4 dxe4 13. Qe3 Bxd2+ 14. Qxd2 Qxd2+
15. Kxd2 c5 16. Ba4+ Bd7 17. Bxd7+ Kxd7 18. Ke3 f5 19. Kf4 fxg4 20. Kxg4 Rhf8
21. Rad1+ Ke7 22. Kg3 Rf3+ 23. Kg2 Raf8 24. Rd2 e3 25. fxe3 Rxe3 26. Rhd1 Rf5
27. Rd7+ Kf6 28. R1d2 Rg5+ 29. Kf2 Rh3 30. Kf1 Rf3+ 31. Ke1 Rg1+ 32. Ke2 Rh3 33.
R2d6 Rg2+ 34. Kf1 Rhxh2 35. Rxa6 Rxc2 36. Kg1 Rxb2 37. Ra3 Rhd2 38. Rf3+ Ke5 39.
Rxg7 Rd1+ 40. Rf1 Rxf1+ 41. Kxf1 Rxa2 42. Rxh7 Kd5 43. Ke1 e5 44. Rd7+ Ke4 45.
Rc7 Ke3 46. Kd1 Ra5 47. Kc2 e4 48. Rh7 Ra2+ 49. Kc3 Rf2 50. Rh5 Rf1 51. Rh3+ Ke2
52. Rh2+ Rf2 53. Rh5 e3 54. Rxc5 Kf1 55. Rh5 Ke2 56. Rh1 Rg2 57. Kc2 Rg6 58. Rh2+
Kf1 59. Kd3 e2 60. Rh1+ Kf2 61. Rh2+ Kf3 62. Rh3+ Kg2 63. Re3 Kf1 64. Rf3+ Ke1
65. Kc2 Re6 66. Rf5 Re7 67. Rf6 Re5 68. Kd3 Kd1 69. Ra6 Re3+ 70. Kxe3 e1=Q+ 71.
Kd4 Qb4+ 72. Ke3 Qc5+ 73. Kf3 Qc3+ 74. Kf2 Qd2+ 75. Kg1 Qe1+ 76. Kg2 Qe2+ 0-1